Medicamentos y terapeutica (Registro nro. 1211)

Detalles MARC
000 -LEADER
fixed length control field 00466nas a22001457a 4500
008 - CAMPO DE CONTROL RECURSOS CONTINUADOS
fixed length control field 130305t20019999-us||||| |||| 00| 0 spa d
245 ## - TITULO
Titulo Medicamentos y terapeutica
260 ## - PUBLICACION, DISTRIBUCION, ETC. (PIE DE IMPRENTA)
Lugar de publicación, distribución, etc Washington D. C.:
Nombre de la editorial, distribuidor, etc. Fundacion Panamericana de la Salud y Educacion,
Fecha de publicación 2001
300 ## - DESCRIPCION FISICA
Extensión v. :
310 ## - FRECUENCIA ACTUAL DE LA PUBLICACION
Frecuencia actual de la publicación cuatrimestral
546 ## - NOTA DE IDIOMA
Nota de lenguaje español
590 ## - NOTAS LOCALES (RLIN)
Nota local Existencias: 2001 20(1-3)<br/>BAJA DEPOSITO (CAJA 21) MAYO 2019
650 ## - MATERIA-TERMINO TEMATICO
Término temático PREPARACIONES FARMACEUTICAS
9 (RLIN) 1907
942 ## - ADDED ENTRY ELEMENTS (KOHA)
Source of classification or shelving scheme Dewey Decimal Classification
Item type Continuing Resources

No hay ítems disponibles.


UNIVERSIDAD NACIONAL DEL COMAHUE
Biblioteca de la Facultad de Ciencias Médicas
Sede Toschi: Los Arrayanes y Av. Toschi, Cipolletti  - Rio Negro
Sede Los Tordos:  Yrigoyen al 2211, Cipolletti - Rio Negro 

Teléfono: 0299 - 4774707 int 25
Contacto: biblioteca@facimed.uncoma.edu.ar
© 2011 - 2026